The low-calory cookbook (Record no. 5900)

MARC details
000 -CABECERA
campo de control de longitud fija 00683nam a2200229 a 4500
001 - NÚMERO DE CONTROL
campo de control BRCA_6213
005 - FECHA Y HORA DE LA ÚLTIMA TRANSACCIÓN
campo de control 20190320205355.0
008 - DATOS DE LONGITUD FIJA--INFORMACIÓN GENERAL
campo de control de longitud fija 180711s1951----nyu#######---#000-0#eng-#
050 #4 - SIGNATURA TOPOGRÁFICA DE LA BIBLIOTECA DEL CONGRESO
Número de clasificación RM222.2
Número de documento/Ítem .K68 1951
100 1# - ENTRADA PRINCIPAL--NOMBRE DE PERSONA
Nombre de persona Koten, Bernard
9 (RLIN) 15621
245 10 - MENCIÓN DE TÍTULO
Título The low-calory cookbook
Mención de responsabilidad, etc. Bernard Koten; foreward by Donald B. Armstrong
260 ## - PUBLICACIÓN, DISTRIBUCIÓN, ETC.
Lugar de publicación, distribución, etc. Nueva York
Nombre del editor, distribuidor, etc. Random House
Fecha de publicación, distribución, etc. c1951
300 ## - DESCRIPCIÓN FÍSICA
Extensión xiv., 253 p.
Dimensiones 22 cm.
500 ## - NOTA GENERAL
Nota general Incluye tabla de calorias y índice alfabético
500 ## - NOTA GENERAL
Nota general Estado físico: Camisa deteriorada
500 ## - NOTA GENERAL
Nota general K72
650 14 - PUNTO DE ACCESO ADICIONAL DE MATERIA--TÉRMINO DE MATERIA
Término de materia o nombre geográfico como elemento de entrada Dietas
9 (RLIN) 15439
650 14 - PUNTO DE ACCESO ADICIONAL DE MATERIA--TÉRMINO DE MATERIA
Término de materia o nombre geográfico como elemento de entrada Obesidad
9 (RLIN) 8058
650 14 - PUNTO DE ACCESO ADICIONAL DE MATERIA--TÉRMINO DE MATERIA
Término de materia o nombre geográfico como elemento de entrada Cocina, Libros de
9 (RLIN) 15622
902 ## - CATALOGADOR
Iniciales GFM
942 ## - ELEMENTOS DE PUNTO DE ACCESO ADICIONAL (KOHA)
Fuente del sistema de clasificación o colocación Library of Congress Classification
Tipo de ítem Koha Libros
Holdings
Estado de retiro Estado de pérdida Estado dañado No para préstamo Localización permanente Ubicación/localización actual Fecha de adquisición Número de inventario Total de préstamos Signatura topográfica completa Código de barras Fecha visto por última vez Precio válido a partir de Tipo de ítem Koha
El ejemplar forma parte de la colección y puede ser consultado según las políticas vigentes.       Biblioteca del Museo Franz Mayer (Rogerio Casas-Alatriste) Biblioteca del Museo Franz Mayer (Rogerio Casas-Alatriste) 18/07/2011 K72   RM222.2 .K68 1951 (K72) 6652 22/03/2019 22/03/2019 Libros